000 00789cam a22002412 4500
001 0000003009
005 20151217151911.0
008 070425s xx 000 0 eng d
020 _cKES 5,000
040 _aKABU
_cKABU
050 0 _aHG4026
_b.C279 1992
245 1 0 _aCase problems in finance /
_cedited by William E. Fruhan, Jr ... [et al.]
250 _a10th ed.
260 _aBurr Ridge, Illinois :
_bIrwin,
_c1992.
300 _axi, 692 p.
650 0 _aCorporations
_xFinance
_xCase studies.
_@0000152573
700 1 _aFruhan, William E.
_@0000152574
908 _a070425
950 _@1
999 _c6169
_d6169